Statistics for Animals Associated with Countries

Click here to take the quiz!

General Stats

  • This quiz has been taken 37 times
  • The average score is 14 of 18

Answer Stats

Answer% Correct
Australia
100%
China
100%
India
95%
United States
95%
Canada
92%
Madagascar
92%
New Zealand
92%
Indonesia
81%
Peru
81%
Ecuador (Galápagos Islands)
76%
Brazil
73%
Nepal
70%
Japan
65%
Mauritius
65%
Scotland
65%
South Africa
51%
Mexico
49%
Spain
41%

Score Distribution

Percentile by Number Answered

Percent of People with Each Score

Your Score History

You have not taken this quiz